000 00296nam a22001337a 4500
008 180820b xxu||||| |||| 00| 0 eng d
020 _a9780071777513
041 _aeng
080 _a311
100 _a55
101 _aSTA
245 _aPROBALITY AND STATISTICS
_cSPIEGEL.M.R
942 _2udc
_cBK
999 _c47211
_d47211